Ο Μονό και η διαλεκτική
Saved in:
| Main Author: | |
|---|---|
| Other Authors: | |
| Format: | Book |
| Language: | Greek |
| Published: |
[Αθήνα] :
Ράππας,
[1971]
|
| Series: | Προβλήματα του καιρού μας (Ράππας)
|
| Subjects: | |
| Tags: |
Add Tag
No Tags, Be the first to tag this record!
|
MARC
| LEADER | 00000cam a2200000 i 4500 | ||
|---|---|---|---|
| 001 | 1/97136 | ||
| 008 | 950206s1971 gre d | ||
| 035 | |l 10010443 | ||
| 040 | |a GR-MY-UA |b gre |e aacr | ||
| 041 | 0 | |a gre | |
| 082 | 0 | |a 146.32 | |
| 100 | 1 | |a Milhau, Jacques. | |
| 245 | 1 | 2 | |a Ο Μονό και η διαλεκτική / |c Ζακ Μιλώ...[κ.ά.] ; μετάφραση Νίκος Π. Παπαδόπουλος |
| 260 | |a [Αθήνα] : |b Ράππας, |c [1971] | ||
| 300 | |a 111 σ.; |c 21 εκ. | ||
| 490 | 1 | |a Προβλήματα του καιρού μας | |
| 500 | |a Το αντίτυπο της Ρόδου είναι δεμένο με: Η τύχη και η αναγκαιότητα / Ζακ Μονό. - Ελευθερία και αναγκαιότητα / Τζόαν Ρόμπινσον | ||
| 650 | 0 | 0 | |a Dialectic. |
| 700 | 1 | |a Παπαδόπουλος, Νίκος Π. |4 trl | |
| 830 | 0 | |a Προβλήματα του καιρού μας (Ράππας) | |
| 852 | |a INST |b LESVOS |e 19950206 |h 146.32 MIL |p 005100013369 |q 005100013369 |t BK |y 0 | ||
| 852 | |a INST |b RHODES |c KRI |e 20051026 |h 574.87 MON |p 005400030754 |q 005400030754 |t BK |y 0 | ||
| 909 | |a Λ |b 011408 | ||
| 909 | |a Ρ |b 122414 | ||
| 922 | |a 1ΕΛΗ |b 198807 |c ΠΠ/8114 | ||
| 970 | |a ΚΟΖΑ |b ΜΑΡΙΑ |z 2005/10/26 | ||